Most Populous Towns in Co. Kildare - Statistics

General Stats
  • This quiz has been taken 30 times
  • The average score is 8 of 10
Answer Stats
# Town Population % Correct
1 Naas 26,180
95%
2 Newbridge 24,366
95%
7 Kildare 10,302
91%
4 Maynooth 17,259
91%
6 Athy 11,035
86%
3 Celbridge 20,601
82%
5 Leixlip 16,733
82%
9 Clane 8,152
68%
8 Kilcock 8,674
50%
10 Sallins 6,269
50%
No matching quizzes found
Score Distribution
Percent of People with Each Score
Percentile by Number Answered
Your Score History
You have not taken this quiz